[Event "TCh-FRA Nat1 GpA"]
[Site "Evry FRA"]
[Date "2004.04.01"]
[Round "4"]
[White "Schenk,A"]
[Black "Rausis,I"]
[Result "1/2-1/2"]
[WhiteElo "2499"]
[BlackElo "2479"]
[EventDate "2004.01.30"]

1. d4 Nf6 2. c4 e6 3. Nc3 d5 4. Nf3 Nbd7 5. cxd5 exd5 6. Bg5 Be7 7. e3 O-O
8. Bd3 Re8 9. Qc2 c6 10. O-O Nf8 11. h3 Be6 12. Rab1 a5 13. Rfc1 N6d7 14.
Bf4 f6 15. a3 Bf7 16. Bg3 Nb6 17. Nh4 1/2-1/2

[Event "TCh-FRA Nat1 GpA"]
[Site "Evry FRA"]
[Date "2004.04.01"]
[Round "4"]
[White "Gustafsson,J"]
[Black "Galdunts,S"]
[Result "1/2-1/2"]
[WhiteElo "2572"]
[BlackElo "2506"]
[EventDate "2004.01.30"]

1. Nf3 d5 2. d4 e6 3. c4 c5 4. cxd5 exd5 5. g3 Nc6 6. Bg2 Nf6 7. O-O Be7 8.
Nc3 O-O 9. Bg5 c4 10. Ne5 Be6 11. e3 Nd7 12. Nxc6 bxc6 13. Bxe7 Qxe7 14. b3
Nb6 15. bxc4 Nxc4 16. Qa4 Rab8 17. Rab1 Qa3 18. Qc2 Bf5 19. Qxf5 Qxc3 20.
Rbc1 Qa3 21. Qd7 Rb2 22. Qxc6 Rxf2 23. Rxf2 Qxc1+ 24. Bf1 Qxe3 25. Qxd5 Nd2
26. Kg2 Nxf1 27. Rxf1 1/2-1/2

[Event "TCh-FRA Nat1 GpB"]
[Site "Montpellier FRA"]
[Date "2004.04.01"]
[Round "4"]
[White "Tregubov,P"]
[Black "Sakelsek,T"]
[Result "1-0"]
[WhiteElo "2628"]
[BlackElo "2374"]
[EventDate "2004.01.30"]

1. d4 Nf6 2. Nf3 e6 3. c4 b6 4. g3 Ba6 5. Nbd2 Bb4 6. Qc2 Bb7 7. Bg2 Be4 8.
Qb3 Bxd2+ 9. Bxd2 O-O 10. O-O d6 11. Rfd1 Nbd7 12. Rac1 Qe7 13. Qa3 a5 14.
Bh3 h6 15. Ne5 Rae8 16. Nxd7 Nxd7 17. Be3 Rb8 18. Qc3 Rfd8 19. b3 Nf6 20.
f3 Bb7 21. Bf2 c5 22. dxc5 dxc5 23. Qe5 Rxd1+ 24. Rxd1 Rd8 25. Rxd8+ Qxd8
26. Be3 Bc6 27. Bf4 Kh7 28. Qd6 Qxd6 29. Bxd6 a4 30. Bf1 axb3 31. axb3 Nd7
32. e4 g5 33. Bd3 f6 34. Kf2 Ne5 35. Be2 Kg7 36. Ke3 Nd7 37. f4 Kg6 38. Bf3
gxf4+ 39. gxf4 e5 40. Be2 h5 41. Bf1 Kf7 42. Bc7 Kg6 43. Bh3 exf4+ 44. Kxf4
b5 45. Bf1 bxc4 46. Bxc4 Bb7 47. Bd6 Bc6 48. Bd3 Kg7 49. Kf5 Bb7 50. Ke6
Bc8 51. Ke7 Nf8 52. e5 f5 53. Kd8 Be6 54. Bc4 Kf7 55. Bxf8 Bxc4 56. bxc4
Ke6 57. Bxc5 1-0

[Event "TCh-FRA Nat1 GpB"]
[Site "Montpellier FRA"]
[Date "2004.04.01"]
[Round "4"]
[White "Bauer,Ch"]
[Black "Rouchouse,S"]
[Result "1-0"]
[WhiteElo "2599"]
[BlackElo "2187"]
[EventDate "2004.01.30"]

1. e4 c5 2. Nf3 e6 3. b3 d5 4. exd5 exd5 5. Bb2 Nf6 6. Bb5+ Bd7 7. Qe2+ Qe7
8. Bxf6 Qxe2+ 9. Bxe2 gxf6 10. Nc3 Be6 11. O-O-O Nc6 12. d4 O-O-O 13. Rhe1
Rg8 14. Bf1 Rg4 15. h3 Rf4 16. Ne2 Re4 17. Kb2 a6 18. c3 c4 19. Nd2 Rh4 20.
g3 Rh6 21. bxc4 Bxh3 22. Bxh3+ Rxh3 23. cxd5 Rxd5 24. Nf4 Rb5+ 25. Kc2 1-0

[Event "TCh-FRA Nat1 GpB"]
[Site "Montpellier FRA"]
[Date "2004.04.01"]
[Round "4"]
[White "Kovarcik,Gu"]
[Black "Apicella,M"]
[Result "0-1"]
[WhiteElo "2192"]
[BlackElo "2540"]
[EventDate "2004.01.30"]

1. d4 Nf6 2. Bg5 Ne4 3. Bf4 d5 4. f3 Nf6 5. e4 e6 6. e5 Nfd7 7. Be3 c5 8.
c3 b6 9. f4 Ba6 10. Bxa6 Nxa6 11. Ne2 g6 12. O-O h5 13. Nd2 Nc7 14. g3 c4
15. h3 b5 16. Qc2 Nb6 17. a3 a5 18. Nf3 Be7 19. g4 hxg4 20. hxg4 Kd7 21.
Kg2 b4 22. axb4 axb4 23. cxb4 Bxb4 24. Bd2 Be7 25. Ba5 Qb8 26. Rfb1 Ra6 27.
Bxb6 Qxb6 28. Rxa6 Qxa6 29. Ng3 Rb8 30. f5 gxf5 31. gxf5 Qa2 32. Nd2 Nb5
33. Ne2 Rg8+ 34. Kf2 Nc7 35. f6 Bb4 36. Nf3 Rh8 37. Rg1 Rb8 38. Rg7 Ba5 39.
Qg6 Rxb2 40. Qxf7+ Kc6 41. Qd7+ Kb7 42. Nfg1 Qb1 43. Qxe6 Be1+ 44. Kg2 Qe4+
45. Kf1 Rb1 46. Nc1 Ba5 47. Nge2 Qh1+ 48. Ng1 Rxc1+ 0-1

[Event "TCh-FRA Nat1 GpB"]
[Site "Montpellier FRA"]
[Date "2004.04.01"]
[Round "4"]
[White "Collas,S"]
[Black "Mallet,L"]
[Result "1-0"]
[WhiteElo "2330"]
[BlackElo "2082"]
[EventDate "2004.01.30"]

1. e4 c5 2. Nf3 Nc6 3. d4 cxd4 4. Nxd4 Nf6 5. Nc3 e5 6. Ndb5 d6 7. Nd5 Nxd5
8. exd5 Ne7 9. c3 Nf5 10. a4 Be7 11. Bd3 Nh4 12. O-O a6 13. Na3 f5 14. Nc4
O-O 15. f4 e4 16. Be2 b6 17. Qb3 Rb8 18. Na5 Bd7 19. Nc6 Bxc6 20. dxc6+ d5
21. Bxa6 Bc5+ 22. Kh1 Kh8 23. Qc2 Rf6 24. b4 Be7 25. Bb7 Rg6 26. Rf2 Qc7
27. Be3 Bd6 28. a5 bxa5 29. bxa5 Rxb7 30. cxb7 Qxb7 31. a6 Qc6 32. Qa4 Qa8
33. Qd7 d4 34. cxd4 1-0

[Event "TCh-FRA Nat1 GpB"]
[Site "Montpellier FRA"]
[Date "2004.04.01"]
[Round "4"]
[White "Mancini,M"]
[Black "Pert,N"]
[Result "0-1"]
[WhiteElo "2309"]
[BlackElo "2504"]
[EventDate "2004.01.30"]

1. d4 d5 2. c4 c6 3. Bf4 dxc4 4. e3 b5 5. a4 Nf6 6. axb5 cxb5 7. b3 e5 8.
Bxe5 Bb4+ 9. Ke2 Be6 10. f3 cxb3 11. Kf2 O-O 12. Bxb5 Nbd7 13. Bxf6 Nxf6
14. Ne2 Qb6 15. Qd3 a5 16. Nbc3 Rab8 17. Rhb1 Rfc8 18. Ba4 Bc4 19. Qd1 Bxc3
20. Nxc3 b2 21. Ra2 Bxa2 22. Nxa2 Qe6 0-1

[Event "TCh-FRA Nat1 GpB"]
[Site "Montpellier FRA"]
[Date "2004.04.01"]
[Round "4"]
[White "Libiszewski,F"]
[Black "Froeyman,H"]
[Result "1-0"]
[WhiteElo "2451"]
[BlackElo "2308"]
[EventDate "2004.01.30"]

1. e4 e5 2. Nf3 Nc6 3. Bb5 a6 4. Ba4 Nf6 5. O-O Be7 6. Re1 b5 7. Bb3 d6 8.
c3 O-O 9. h3 Na5 10. Bc2 c5 11. d4 Qc7 12. d5 c4 13. b4 cxb3 14. axb3 Bd7
15. Ba3 Bd8 16. Bd3 Qb8 17. Re2 Nb7 18. Rea2 Bb6 19. b4 Ne8 20. Bc1 Nc7 21.
g4 Nd8 22. Nh4 f6 23. Nf5 Nf7 24. Kh2 g6 25. Nh6+ Kg7 26. Qd2 Ng5 27. Kg3
Qd8 28. h4 Kxh6 29. f3 Kg7 30. hxg5 Qe7 31. gxf6+ Qxf6 32. Be2 Rf7 33. Qh6+
Kg8 34. Bg5 Qg7 35. Nd2 Re8 36. Rh1 Bc8 37. Qh4 Rd7 38. Nb3 Qf7 39. Na5
Bxa5 40. Rxa5 Na8 41. Bxb5 axb5 42. Rxa8 Rf8 43. Bf6 Rc7 44. g5 Rxc3 45.
Rha1 h5 46. R8a7 Rc7 47. Rxc7 Qxc7 48. Qh1 Qc2 49. Ra7 Rf7 50. Ra8 Rc7 51.
Rxc8+ Rxc8 52. Qh3 Kf8 53. Qd7 h4+ 54. Kh3 Qc7 55. Be7+ Kg7 56. Qe6 Rg8 57.
Bxd6 Qc8 58. Bxe5+ Kh7 59. Qxc8 Rxc8 60. Bf6 Rc1 61. Kxh4 Rg1 62. Bd4 Rd1
63. Bc5 Kg7 64. Kg4 Kf7 65. Kf4 Rd3 66. Kg3 Rd1 67. Kf2 Rd2+ 68. Ke3 Rd1
69. Ke2 Ra1 70. e5 Ra2+ 71. Ke3 Ra1 72. e6+ Ke8 73. Ke2 Ra2+ 74. Kd3 Ra3+
75. Ke4 Ra1 76. d6 Re1+ 77. Kd5 1-0

[Event "TCh-FRA Nat1 GpB"]
[Site "Montpellier FRA"]
[Date "2004.04.01"]
[Round "4"]
[White "Schmitt,An"]
[Black "Touzane,O"]
[Result "0-1"]
[WhiteElo "2267"]
[BlackElo "2347"]
[EventDate "2004.01.30"]

1. e4 e6 2. d4 d5 3. e5 c5 4. c3 Qb6 5. Nf3 Nc6 6. a3 Nh6 7. b4 cxd4 8.
cxd4 Nf5 9. Be3 Be7 10. Bd3 O-O 11. O-O f6 12. b5 Na5 13. Nc3 Nxe3 14. fxe3
Bd7 15. Qb1 f5 16. Na4 Qd8 17. Nc5 b6 18. Nxd7 Qxd7 19. a4 Rac8 20. Qb2 g5
21. g3 g4 22. Ne1 Qc7 23. Ng2 Qc3 24. Qe2 Nb3 25. Nf4 Nxa1 26. Nxe6 h5 27.
Nxf8 Rxf8 28. Bxf5 Kg7 29. Be6 Rxf1+ 30. Qxf1 Qxe3+ 31. Kg2 Qe4+ 32. Kg1
Qxd4+ 33. Kg2 Qe4+ 34. Kg1 Bc5+ 0-1

[Event "TCh-FRA Nat1 GpB"]
[Site "Montpellier FRA"]
[Date "2004.04.01"]
[Round "4"]
[White "Dewitte,C"]
[Black "Flear,C"]
[Result "1/2-1/2"]
[WhiteElo "2016"]
[BlackElo "2249"]
[EventDate "2004.01.30"]

1. c4 f5 2. Nc3 Nf6 3. g3 g6 4. Bg2 Bg7 5. Nf3 d6 6. d4 O-O 7. O-O Qe8 8.
Bg5 c6 9. Qc1 Qf7 10. d5 e5 11. dxe6 Bxe6 12. Bf4 Bxc4 13. Bxd6 Rd8 14. Ne5
Qe6 15. Nxc4 Qxc4 16. Bc7 Re8 17. Qf4 Qf7 18. Bd6 Nh5 19. Qb4 Na6 20. Qa4
Re6 21. Rfd1 Rd8 22. Ba3 Ree8 23. e3 g5 24. Qb3 b5 25. Rd6 Rxd6 26. Qxf7+
Kxf7 27. Bxd6 Rd8 28. Rd1 b4 29. Na4 Bf8 30. Bf3 Rxd6 31. Rxd6 Bxd6 32.
Bxh5+ Ke6 33. Be2 Nc7 34. Bc4+ Ke5 35. Kf1 f4 36. exf4+ gxf4 37. Ke2 Nb5
38. Kd3 Kf5 39. Bg8 h6 40. Kc4 a5 1/2-1/2

[Event "TCh-FRA Nat1 GpB"]
[Site "Montpellier FRA"]
[Date "2004.04.01"]
[Round "4"]
[White "Giffard,N"]
[Black "Fontaine,R"]
[Result "0-1"]
[WhiteElo "2345"]
[BlackElo "2532"]
[EventDate "2004.01.30"]

1. d4 d5 2. Bf4 Nf6 3. e3 c6 4. Be2 h6 5. h3 Bf5 6. Nf3 Nbd7 7. Nbd2 e6 8.
a3 c5 9. c3 Be7 10. Ne5 O-O 11. O-O Nxe5 12. Bxe5 a6 13. a4 Nd7 14. Bh2 Qb6
15. Qb3 Qxb3 16. Nxb3 c4 17. Na5 Ra7 18. Rfe1 Rc8 0-1

[Event "TCh-FRA Nat1 GpB"]
[Site "Montpellier FRA"]
[Date "2004.04.01"]
[Round "4"]
[White "Wirig,A"]
[Black "Dorfman,J"]
[Result "1/2-1/2"]
[WhiteElo "2418"]
[BlackElo "2608"]
[EventDate "2004.01.30"]

1. c4 Nf6 2. g3 c6 3. Bg2 d5 4. Nf3 Bg4 5. Ne5 Be6 6. cxd5 Bxd5 7. Nf3 c5
8. O-O e6 9. Nc3 Bc6 10. d4 Nbd7 11. Be3 cxd4 12. Bxd4 Be7 13. e4 O-O 14.
Bxf6 Bxf6 15. Nd4 Ne5 16. Nxc6 Nxc6 17. Qb3 Qe7 18. Rad1 Rac8 19. Nb5 Be5
20. f4 a6 21. Na3 Bd4+ 22. Kh1 b5 23. Nc2 Bb6 24. e5 Na5 25. Qb4 Qa7 26.
Na3 Nc6 27. Qe4 Nd4 28. Rc1 Rb8 29. Nc2 Nxc2 30. Rxc2 g6 31. Rd1 Rfd8 32.
Rd6 Bc5 33. Rd3 Rxd3 34. Qxd3 Qb6 35. h4 Rd8 36. Qe2 Bf8 37. Be4 Qd4 38.
Kg2 Qa4 39. b3 Qd4 40. Bf3 Bc5 41. Rc1 Qb4 42. Rd1 Rxd1 43. Qxd1 Qc3 44.
Qd8+ Bf8 45. Qb6 Qc2+ 46. Qf2 Qc7 47. Qe2 Qb6 48. Qe4 Qc5 49. Kh3 a5 50.
Qb7 Qf2 51. Bc6 Qf1+ 52. Bg2 Qe2 53. Bc6 Qf1+ 54. Bg2 1/2-1/2

[Event "TCh-FRA Nat1 GpB"]
[Site "Montpellier FRA"]
[Date "2004.04.01"]
[Round "4"]
[White "Bijaoui,M"]
[Black "Kosten,A"]
[Result "1/2-1/2"]
[WhiteElo "2324"]
[BlackElo "2507"]
[EventDate "2004.01.30"]

1. e4 c5 2. Nf3 d6 3. d4 Nf6 4. Nc3 cxd4 5. Nxd4 a6 6. Bg5 e6 7. f4 Nc6 8.
Nxc6 bxc6 9. e5 h6 10. Bh4 g5 11. fxg5 Nd5 12. Ne4 Qb6 13. Bd3 Qe3+ 14. Qe2
Qxe2+ 15. Kxe2 dxe5 16. Nf6+ Nxf6 17. gxf6 Bb7 18. Be4 O-O-O 19. Rad1 Rd4
20. Rxd4 exd4 21. Rd1 c5 22. Bxb7+ Kxb7 23. c3 e5 24. Bg3 Bd6 25. b4 Re8
26. bxc5 Bxc5 27. Kd3 dxc3 28. Kxc3 Bd4+ 29. Kd3 Re6 30. Ke4 Rxf6 31. Bxe5
Bxe5 32. Kxe5 Rf2 33. Rd7+ Kb6 34. Rd6+ Ka5 35. Rxh6 Rxg2 36. a3 Ra2 37.
Kf6 Rf2+ 38. Ke5 Rf3 39. h4 Rxa3 40. Rf6 Rh3 41. Rf4 Kb5 42. Kf6 a5 43.
Kxf7 a4 44. Kg6 a3 45. h5 Rg3+ 46. Kh7 a2 47. Rf1 Kc4 1/2-1/2

[Event "TCh-FRA Nat1 GpB"]
[Site "Montpellier FRA"]
[Date "2004.04.01"]
[Round "4"]
[White "Gengler,P"]
[Black "Efimov,I"]
[Result "0-1"]
[WhiteElo "2167"]
[BlackElo "2505"]
[EventDate "2004.01.30"]

1. e4 c6 2. d4 d5 3. Nc3 dxe4 4. Nxe4 Nf6 5. Nxf6+ gxf6 6. Nf3 Bg4 7. g3
Bxf3 8. Qxf3 Qxd4 9. Be2 Qd5 10. O-O Qxf3 11. Bxf3 Nd7 12. b4 a6 13. Be3 e6
14. Rfb1 Bg7 15. a4 f5 16. Ra3 O-O 17. c4 Rfc8 18. Be2 Nf6 19. f3 h5 20.
Bg5 Kh7 21. Rd3 Kg6 22. Bxf6 Bxf6 23. f4 h4 24. Rbd1 a5 25. b5 cxb5 26.
cxb5 Rc4 27. Rd7 Rxa4 28. Rxb7 hxg3 29. hxg3 Re4 30. g4 fxg4 31. Bxg4 Rxf4
32. Be2 Rg8 33. Bf1 Kh5+ 34. Bg2 Bd4+ 35. Kh2 Rh4+ 36. Bh3 Be5+ 0-1

[Event "TCh-FRA Nat1 GpB"]
[Site "Montpellier FRA"]
[Date "2004.04.01"]
[Round "4"]
[White "Bellaiche,A"]
[Black "Feller,S"]
[Result "1-0"]
[WhiteElo "2474"]
[BlackElo "2102"]
[EventDate "2004.01.30"]

1. e4 d6 2. d4 Nf6 3. Nc3 g6 4. Bg5 Bg7 5. Qd2 c6 6. O-O-O h6 7. Be3 b5 8.
f3 Qc7 9. g4 Nbd7 10. h4 Nb6 11. Nh3 Nfd7 12. f4 Bb7 13. Nf2 a5 14. h5 b4
15. Nb1 c5 16. hxg6 fxg6 17. Bb5 O-O-O 18. d5 g5 19. fxg5 hxg5 20. Nh3 Ne5
21. Qe2 c4 22. Nxg5 Nd3+ 23. Kd2 Na4 24. cxd3 c3+ 25. Kc2 cxb2+ 26. Bc4 Nc3
27. Nxc3 Bxc3 28. Ne6 1-0

[Event "TCh-FRA Nat1 GpB"]
[Site "Montpellier FRA"]
[Date "2004.04.01"]
[Round "4"]
[White "Jeitz,C"]
[Black "Miralles,G"]
[Result "0-1"]
[WhiteElo "2139"]
[BlackElo "2450"]
[EventDate "2004.01.30"]

1. e4 e5 2. Nf3 Nc6 3. Bb5 a6 4. Ba4 d6 5. O-O Bd7 6. d4 Nxd4 7. Bxd7+ Qxd7
8. Nxd4 exd4 9. Qxd4 Nf6 10. Nc3 Be7 11. h3 O-O 12. Bf4 Rfe8 13. Rfe1 Qc6
14. Nd5 Nxd5 15. exd5 Qxc2 16. Rac1 Qf5 17. Rxc7 Bf6 18. Rxe8+ Rxe8 19. Qd2
h5 20. Rxb7 Qb1+ 21. Kh2 Re1 22. Rb8+ Kh7 23. Rc8 Rh1+ 24. Kg3 h4+ 25. Kg4
Qg6+ 26. Kf3 Qh5+ 27. Ke3 Rd1 28. Qc2+ g6 29. f3 Qxd5 30. Ke2 Rg1 31. Kf2
Bd4+ 32. Be3 Bxe3+ 33. Kxe3 Qg5+ 34. Kd3 Rxg2 35. Qc3 Qd5+ 36. Ke3 Qe6+ 37.
Kd3 Qe2+ 38. Kd4 Rg1 0-1

[Event "TCh-FRA Nat1 GpB"]
[Site "Montpellier FRA"]
[Date "2004.04.01"]
[Round "4"]
[White "Van Hoolandt,P"]
[Black "Klipper,R"]
[Result "1-0"]
[WhiteElo "2262"]
[BlackElo "2067"]
[EventDate "2004.01.30"]

1. c4 c5 2. g3 g6 3. Bg2 Bg7 4. Nc3 Nf6 5. a3 Nc6 6. Rb1 a5 7. Nh3 O-O 8.
Nf4 e6 9. O-O Ne7 10. b4 cxb4 11. axb4 Qc7 12. Ba3 Rd8 13. Qb3 axb4 14.
Bxb4 Nc6 15. Nb5 Qb6 16. Bc3 e5 17. Nd5 Nxd5 18. Bxd5 Ne7 19. c5 Qf6 20.
Bc4 b6 21. Nc7 Rb8 22. cxb6 Bb7 23. Nd5 Bxd5 24. Bxd5 Nxd5 25. Qxd5 Qe6 26.
Rb5 e4 27. Bxg7 Kxg7 28. Rfb1 Qxd5 29. Rxd5 Rb7 30. Rb4 f5 31. g4 Rf8 32.
gxf5 gxf5 33. Rbb5 Kg6 34. Rd6+ Kg5 35. Rc5 Rfb8 36. Rb5 h5 37. Kg2 Rg8 38.
Kh3 Ra8 39. Rdd5 Rf8 40. d3 exd3 41. Rxd3 Rf6 42. Rdb3 Re6 43. e3 Kg6 44.
R3b4 Rc6 45. Kg3 d5 46. Kf4 Rc2 47. Kf3 Rc6 48. h4 Rd6 49. Ke2 Kf6 50. Kd3
Ke6 51. Kd4 Rc6 52. Kd3 Rd6 53. Rb1 Rc6 54. Rg1 Kf6 55. Rxd5 Rcxb6 56. Rg5
Rh7 57. Rdxf5+ 1-0

[Event "TCh-FRA Nat1 GpB"]
[Site "Montpellier FRA"]
[Date "2004.04.02"]
[Round "5"]
[White "Akopian,Vl"]
[Black "Fontaine,R"]
[Result "1/2-1/2"]
[WhiteElo "2693"]
[BlackElo "2532"]
[EventDate "2004.01.30"]

1. e4 e5 2. Nf3 Nc6 3. Bb5 Nf6 4. d3 Bc5 5. c3 O-O 6. O-O d6 7. Re1 Bd7 8.
Bg5 h6 9. Bh4 Bb6 10. Na3 g5 11. Bg3 Bg4 12. Nc4 Nh5 13. h3 Bxf3 14. Qxf3
Nxg3 15. Qxg3 Qf6 16. Ne3 Ne7 17. d4 exd4 18. Ng4 Qg7 19. e5 dxe5 20. Rxe5
Ng6 21. Rf5 f6 22. cxd4 Nh4 23. Bc4+ Kh8 24. Rb5 c6 25. Rb3 f5 26. Ne5 Bxd4
27. Nf3 Nxf3+ 28. Qxf3 Rae8 29. Rd1 g4 30. Qg3 c5 31. a4 Re7 32. a5 Rfe8
33. Rf1 Qg5 34. Bb5 Rf8 35. Qd6 Qf6 36. Qxf6+ Rxf6 37. g3 h5 38. Kg2 Kg7
39. Bc4 b6 40. hxg4 fxg4 41. axb6 Rxb6 42. Rxb6 axb6 43. b3 Ra7 44. Re1 Ra2
45. Re2 1/2-1/2

[Event "TCh-FRA Nat1 GpB"]
[Site "Montpellier FRA"]
[Date "2004.04.02"]
[Round "5"]
[White "Kazhgaleyev,M"]
[Black "Degraeve,JM"]
[Result "1-0"]
[WhiteElo "2568"]
[BlackElo "2566"]
[EventDate "2004.01.30"]

1. d4 Nf6 2. c4 g6 3. Nc3 Bg7 4. e4 d6 5. h3 O-O 6. Bg5 Na6 7. Bd3 e5 8. d5
Qe8 9. Nge2 Nd7 10. a3 Nac5 11. Bc2 a5 12. Nb5 Na6 13. Be3 f5 14. f3 fxe4
15. fxe4 Qe7 16. Qd2 Nb6 17. Qc3 Qh4+ 18. g3 Qe7 19. Nxd6 Qxd6 20. c5 Qf6
21. cxb6 cxb6 22. O-O-O Qd6 23. Qb3 Nc5 24. Bxc5 bxc5 25. Nc3 Bd7 26. Qc4
Bh6+ 27. Kb1 Be3 28. Ba4 Bxa4 29. Nxa4 Rf2 30. Rhf1 Rxf1 31. Rxf1 Qa6 32.
Qxa6 Rxa6 33. Rf3 Bd4 34. Rb3 1-0

[Event "TCh-FRA Nat1 GpB"]
[Site "Montpellier FRA"]
[Date "2004.04.02"]
[Round "5"]
[White "Apicella,M"]
[Black "Anic,D"]
[Result "0-1"]
[WhiteElo "2540"]
[BlackElo "2454"]
[EventDate "2004.01.30"]

1. e4 e5 2. Nf3 Nc6 3. Bb5 a6 4. Ba4 Nf6 5. O-O b5 6. Bb3 Bc5 7. a4 Rb8 8.
c3 O-O 9. d4 Bb6 10. Bg5 d6 11. axb5 axb5 12. Qd3 b4 13. Nbd2 h6 14. Bh4
Qe7 15. Rfe1 bxc3 16. bxc3 Nd8 17. Nc4 Ne6 18. Nxb6 Rxb6 19. Bc4 Nf4 20.
Qe3 Ng6 21. Bg3 Nh5 22. Ra7 Bb7 23. dxe5 dxe5 24. Bd5 Rb8 25. c4 Nhf4 26.
Bxf4 Nxf4 27. g3 Nh3+ 28. Kg2 Bc8 29. Nd2 Rb2 30. Rea1 Kh7 31. R1a2 Ng5 32.
h4 Rxa2 33. Rxa2 Ne6 34. Nf3 f6 35. Ra7 Qd6 36. Qa3 Qd7 37. Ng1 Rb1 38.
Bxe6 Qd1 39. Bxc8 Qxg1+ 40. Kf3 Qd1+ 41. Ke3 Rb3+ 42. Qxb3 Qxb3+ 43. Kd2
Qb2+ 44. Ke1 Qc1+ 45. Ke2 Qxc4+ 46. Kf3 Qb3+ 47. Kg4 Qd1+ 0-1

[Event "TCh-FRA Nat1 GpB"]
[Site "Montpellier FRA"]
[Date "2004.04.02"]
[Round "5"]
[White "Leconte,M"]
[Black "Collas,S"]
[Result "1/2-1/2"]
[WhiteElo "2271"]
[BlackElo "2330"]
[EventDate "2004.01.30"]

1. e4 c5 2. Nf3 Nc6 3. c3 d5 4. exd5 Qxd5 5. d4 Bg4 6. dxc5 Qxd1+ 7. Kxd1
O-O-O+ 8. Nbd2 Nf6 9. Be2 Ne4 10. Ke1 Bxf3 11. Bxf3 Nxc5 12. Bxc6 bxc6 13.
Nc4 Nd3+ 14. Ke2 Nxc1+ 15. Raxc1 e5 16. Rcd1 f6 17. Rxd8+ Kxd8 18. g4 Bc5
19. b4 Be7 20. h4 Kd7 21. Rh3 h5 22. Rg3 hxg4 23. Rxg4 Rh7 24. Ne3 Bf8 25.
Rc4 g6 26. a4 a6 27. Rg4 Rh6 28. Rg1 Ke6 29. Ng2 f5 30. Kd3 Be7 31. f3 Rh8
32. Kc4 f4 33. Ne1 Kf5 34. Nd3 Rxh4 35. Re1 Bd6 36. b5 axb5+ 37. axb5 Rh3
38. bxc6 Rxf3 39. Rxe5+ Kf6 40. Rd5 Ke7 41. Kd4 Rh3 42. c4 f3 43. Ke3 Bh2
44. Kf2 Ke8 45. Rg5 Rh4 46. Kxf3 1/2-1/2

[Event "TCh-FRA Nat1 GpB"]
[Site "Montpellier FRA"]
[Date "2004.04.02"]
[Round "5"]
[White "Efimov,I"]
[Black "Gharamian,T"]
[Result "1/2-1/2"]
[WhiteElo "2505"]
[BlackElo "2332"]
[EventDate "2004.01.30"]

1. d4 Nf6 2. c4 c5 3. d5 b5 4. cxb5 a6 5. bxa6 g6 6. Nc3 Bxa6 7. g3 d6 8.
Bg2 Bg7 9. Nf3 Nbd7 10. Rb1 O-O 11. O-O Ne8 12. Qc2 Nc7 13. Rd1 Nb6 14. b3
Bxc3 15. Qxc3 Nbxd5 16. Qd2 f6 17. Bb2 Qe8 18. h4 Bb7 19. a3 Qf7 20. e4 Nb6
21. e5 Bd5 22. exd6 exd6 23. Re1 Rad8 24. Ba1 Nd7 25. b4 Ne5 26. Nh2 Bxg2
27. Kxg2 Nb5 28. Rbd1 Nxa3 1/2-1/2

[Event "TCh-FRA Nat1 GpB"]
[Site "Montpellier FRA"]
[Date "2004.04.02"]
[Round "5"]
[White "Bouhallel,R"]
[Black "Bellaiche,A"]
[Result "0-1"]
[WhiteElo "2302"]
[BlackElo "2474"]
[EventDate "2004.01.30"]

1. d4 Nf6 2. Nf3 e6 3. c4 b6 4. g3 Ba6 5. b3 Bb4+ 6. Bd2 Be7 7. Bg2 d5 8.
Ne5 c6 9. O-O Nfd7 10. Nxd7 Nxd7 11. Bc3 O-O 12. Nd2 f5 13. a4 Rc8 14. Rc1
Nf6 15. Bb2 c5 16. dxc5 bxc5 17. cxd5 exd5 18. Qc2 Qd7 19. Nf3 Ne4 20. Rfd1
Qe6 21. e3 d4 22. exd4 cxd4 23. Qb1 d3 24. Bd4 Bf6 25. Bxf6 Qxf6 26. b4 Nc3
27. Qb3+ Kh8 0-1

[Event "TCh-FRA Nat1 GpB"]
[Site "Montpellier FRA"]
[Date "2004.04.02"]
[Round "5"]
[White "Kosten,A"]
[Black "Julve,P"]
[Result "1-0"]
[WhiteElo "2507"]
[BlackElo "2297"]
[EventDate "2004.01.30"]

1. Nf3 Nf6 2. c4 d6 3. g3 g6 4. b4 Bg7 5. Bb2 O-O 6. Bg2 e5 7. O-O Re8 8.
d3 Na6 9. Qb3 c5 10. a3 Nd7 11. Nc3 Nb6 12. Nd2 Bh6 13. e3 Nc7 14. bxc5
dxc5 15. a4 Rb8 16. Nde4 Bf8 17. Nb5 Nxb5 18. axb5 f5 19. Nc3 Be6 20. Nd5
Bxd5 21. cxd5 Nc8 22. e4 Qb6 23. d6+ 1-0

[Event "TCh-FRA Nat1 GpB"]
[Site "Montpellier FRA"]
[Date "2004.04.02"]
[Round "5"]
[White "Froeyman,H"]
[Black "Rotstein,A"]
[Result "1-0"]
[WhiteElo "2308"]
[BlackElo "2519"]
[EventDate "2004.01.30"]

1. e4 c5 2. Nf3 d6 3. d4 cxd4 4. Nxd4 Nf6 5. Nc3 a6 6. Be2 e6 7. O-O Be7 8.
f4 O-O 9. Be3 Qc7 10. g4 d5 11. exd5 Nxd5 12. Nxd5 exd5 13. Bf3 Nc6 14. Qd2
Re8 15. c3 Bd6 16. Rfe1 Bd7 17. Kg2 Rac8 18. h3 Na5 19. Bxd5 Nc4 20. Qf2
Nxe3+ 21. Rxe3 Rxe3 22. Qxe3 Bxf4 23. Qf2 Bc6 24. Bxc6 bxc6 25. Re1 g6 26.
Re4 Bd6 27. Qf6 Bf8 28. Nf3 Rb8 29. Re2 Qb7 30. Qf4 Qb5 31. c4 Qb7 32. Qe4
a5 33. b3 a4 34. bxa4 Qa6 35. Nd4 c5 36. Nb5 Qxa4 37. Qd5 Qa8 38. Qxa8 Rxa8
39. Kf3 Ra4 40. Rc2 Kg7 41. Ke4 Kf6 42. Kd5 Kg5 43. Rf2 f5 44. gxf5 gxf5
45. Nc7 Kf6 46. Ne8+ Kg6 47. Ke5 Ra3 48. Rg2+ Kf7 49. Nd6+ Bxd6+ 50. Kxd6
Kf6 51. Kxc5 f4 52. Kd4 Kf5 53. c5 Rxh3 54. c6 Ra3 55. c7 Ra8 56. Rh2 f3
57. Kd5 Rh8 58. Rxh7 Rxh7 59. c8=Q+ Kf4 60. Qf8+ Ke3 61. Qc5+ Kf4 62. Qd4+
Kg3 63. Qe5+ Kf2 64. Ke4 Rh4+ 65. Kd3 Rh1 66. Kd2 Kg2 67. Qg5+ Kf2 68. a4
Rg1 69. Qh4+ Kg2 70. Ke3 1-0

[Event "TCh-FRA Nat1 GpB"]
[Site "Montpellier FRA"]
[Date "2004.04.02"]
[Round "5"]
[White "Lacrosse,M"]
[Black "Marciano,D"]
[Result "0-1"]
[WhiteElo "2235"]
[BlackElo "2514"]
[EventDate "2004.01.30"]

1. d4 Nf6 2. c4 e6 3. Nf3 d5 4. Bg5 Bb4+ 5. Nc3 Nbd7 6. e3 c5 7. cxd5 exd5
8. Qc2 Qa5 9. Bd3 c4 10. Bf5 O-O 11. O-O Re8 12. Nd2 g6 13. Bh3 Bf8 14.
Rae1 h6 15. Bxf6 Nxf6 16. Bxc8 Raxc8 17. f3 b5 18. a3 Qb6 19. Rf2 a5 20.
Rfe2 b4 21. axb4 axb4 22. Nd1 Qa5 23. Kf1 Qa6 24. Kg1 Re6 25. Kh1 h5 26. g3
Qa2 27. Qb1 Qa4 28. b3 Qa3 29. e4 c3 0-1

[Event "TCh-FRA Nat1 GpB"]
[Site "Montpellier FRA"]
[Date "2004.04.02"]
[Round "5"]
[White "Lallemand,R"]
[Black "Dewitte,C"]
[Result "1-0"]
[WhiteElo "2274"]
[BlackElo "2016"]
[EventDate "2004.01.30"]

1. e4 e6 2. d4 b6 3. Bd3 Bb7 4. Nf3 d6 5. O-O Nd7 6. Qe2 e5 7. dxe5 dxe5 8.
Bc4 Bd6 9. Ng5 Nh6 10. Nc3 Nf6 11. Nf3 Qe7 12. a4 a6 13. Bg5 Nhg8 14. Nd5
Qd8 15. Rfd1 c6 16. Nxb6 Qxb6 17. Rxd6 Qc5 18. Rad1 Nd5 19. exd5 1-0

[Event "TCh-FRA Nat1 GpB"]
[Site "Montpellier FRA"]
[Date "2004.04.02"]
[Round "5"]
[White "Becker,Marc1"]
[Black "Flear,G"]
[Result "1/2-1/2"]
[WhiteElo "2391"]
[BlackElo "2489"]
[EventDate "2004.01.30"]

1. c4 b6 2. b3 Bb7 3. Bb2 e6 4. Nf3 Nf6 5. g3 Bxf3 6. exf3 c5 7. Bg2 Nc6 8.
O-O Be7 9. f4 Rc8 10. Na3 O-O 11. Nc2 d5 12. d3 a6 13. Qe2 b5 14. Rfd1 Qd7
15. d4 Nxd4 16. Nxd4 cxd4 17. cxd5 Nxd5 18. Bxd4 Bc5 19. Bb2 Qa7 20. f5
Bxf2+ 21. Kh1 Nc3 22. Bxc3 Rxc3 23. fxe6 fxe6 24. Qxe6+ 1/2-1/2

[Event "TCh-FRA Nat1 GpB"]
[Site "Montpellier FRA"]
[Date "2004.04.02"]
[Round "5"]
[White "Feller,S"]
[Black "Libiszewski,F"]
[Result "0-1"]
[WhiteElo "2102"]
[BlackElo "2451"]
[EventDate "2004.01.30"]

1. c4 e5 2. Nc3 Nf6 3. Nf3 Nc6 4. g3 Bb4 5. Qc2 O-O 6. Nd5 Re8 7. a3 e4 8.
axb4 exf3 9. Qc3 fxe2 10. Bg2 d6 11. Nxf6+ Qxf6 12. Qxf6 gxf6 13. Bxc6 bxc6
14. d4 Bg4 15. Bd2 Re4 16. Bc3 c5 17. bxc5 dxc5 18. dxc5 Bf3 19. Rg1 Rd8
0-1

[Event "TCh-FRA Nat1 GpB"]
[Site "Montpellier FRA"]
[Date "2004.04.02"]
[Round "5"]
[White "Flear,C"]
[Black "Simon,Ge"]
[Result "1-0"]
[WhiteElo "2249"]
[BlackElo "2074"]
[EventDate "2004.01.30"]

1. d4 d5 2. c4 c6 3. Nc3 f5 4. Bf4 Nf6 5. e3 e6 6. Qc2 g6 7. Nf3 Bg7 8. h3
Nbd7 9. g4 fxg4 10. Ng5 Qe7 11. hxg4 Nxg4 12. Rxh7 Qf6 13. Rxh8+ Bxh8 14.
Bd3 Nf8 15. O-O-O Nxf2 16. Qxf2 1-0

[Event "TCh-FRA Nat1 GpB"]
[Site "Montpellier FRA"]
[Date "2004.04.02"]
[Round "5"]
[White "Izoria,Z"]
[Black "Komarov,D"]
[Result "1/2-1/2"]
[WhiteElo "2553"]
[BlackElo "2566"]
[EventDate "2004.01.30"]

1. d4 Nf6 2. c4 e6 3. Nf3 b6 4. g3 Ba6 5. b3 Bb4+ 6. Bd2 Be7 7. Bg2 c6 8.
O-O d5 9. Qc2 Nbd7 10. Bf4 O-O 11. Rd1 Rc8 12. Nc3 Nh5 13. Bc1 Nhf6 14. e4
dxc4 15. Bf4 Qe8 16. Nd2 e5 17. dxe5 Ng4 18. Nxc4 Bxc4 19. bxc4 Bc5 20. Rd2
Ngxe5 1/2-1/2